000 01346nam a2200313 a 4500
001 BRL_570
005 20190320210814.0
008 030913s2011----mx-a######---#000-0#spa-#
020 _a9786074558838
041 _aspa
044 _amx
050 4 _aNK844
_b.P47 2011
245 1 0 _aLas perlas de la virgen y tus labios de coral
_bel adorno popular
_ccuraduría, Juan Rafael Coronel Rivera ; textos Juan Rafael Coronel Rivera, Marta Turok ; fotografía, Michel Zabé Thiriat.
260 _aMéxico
_bCONACULTA : Dirección General de Culturas Populares : Museo Nacional de Culturas Populares
_c2011
300 _a277 p.
_bil. a color
_c20 cm.
440 0 _aMemoria histórica
_924317
500 _aIncluye lista de obra
500 _aCatálogo de la exposición realizada en el Museo Nacional de Culturas Populares
500 _aSe cuenta con 2 ejemplares
600 1 4 _aLechuga, Ruth D.
_vExposiciones
_xColecciones de arte
_924318
650 1 4 _aArtes decorativas
_vExposiciones
_zMéxico
_924319
650 1 4 _aArte popular
_vExposiciones
_zMéxico
_91706
650 1 4 _aJoyería
_vExposiciones
_zMéxico
_924320
650 1 4 _aArtes decorativas
_vExposiciones
_xObras pictóricas
_zMéxico
_924321
700 1 _aCoronel Rivera, Juan Rafael
_924322
700 1 _aTurok, Marta
_923269
700 1 _aZabé Thiriat, Michel
_eil.
_924323
942 _2lcc
_cB
999 _c9382
_d9382